Data mining with computational intelligence (Record no. 374)

MARC details
000 -LEADER
fixed length control field 00557 a2200181 4500
001 - CONTROL NUMBER
control field 066221
003 - CONTROL NUMBER IDENTIFIER
control field OSt
005 - DATE AND TIME OF LATEST TRANSACTION
control field 20210915153942.0
008 - FIXED-LENGTH DATA ELEMENTS--GENERAL INFORMATION
fixed length control field
082 ## - DEWEY DECIMAL CLASSIFICATION NUMBER
Classification number 006.312
Item number W18D
100 1# - MAIN ENTRY--PERSONAL NAME
Personal name Wang, Lipo
245 1# - TITLE STATEMENT
Title Data mining with computational intelligence
Statement of responsibility, etc by Lipo Wang and Xiuju Fu
260 ## - PUBLICATION, DISTRIBUTION, ETC. (IMPRINT)
Place of publication, distribution, etc New York
Name of publisher, distributor, etc Springer
Date of publication, distribution, etc 2010
300 ## - PHYSICAL DESCRIPTION
Extent 276p.
690 ## - LOCAL SUBJECT ADDED ENTRY--TOPICAL TERM (OCLC, RLIN)
Topical term or geographic name as entry element Data mining; Knowledge acquisition (Expert systems); Artificial intelligence; Database management; Computer science
700 ## - ADDED ENTRY--PERSONAL NAME
Personal name Fu, Xiuju
942 ## - ADDED ENTRY ELEMENTS (KOHA)
Source of classification or shelving scheme Dewey Decimal Classification
Koha item type Books
Holdings
Withdrawn status Lost status Damaged status Not for loan Collection code Home library Current library Date acquired Source of acquisition Cost, normal purchase price Full call number Barcode Date last seen Price effective from Koha item type
        General Text Book Central University Of Rajasthan Central University Of Rajasthan 07/03/2012 CSC 345.00 006.312 W18D 507 21/11/2024 02/09/2020 Books
        General Text Book Central University Of Rajasthan Central University Of Rajasthan 07/03/2012 CSC 345.00 006.312 W18D 508 21/11/2024 02/09/2020 Books
        General Text Book Central University Of Rajasthan Central University Of Rajasthan 07/03/2012 CSC 345.00 006.312 W18D 509 02/09/2020 02/09/2020 Books